Encyclopedia of American history
Shranjeno v:
| Glavni avtor: | |
|---|---|
| Format: | Knjiga |
| Jezik: | Undetermined |
| Izdano: |
New York
Harper and Row
1965
|
| Teme: | |
| Oznake: |
Označite
Brez oznak, prvi označite!
|
| Thư viện lưu trữ: | Trung tâm Học liệu Trường Đại học Cần Thơ |
|---|
| LEADER | 00502nam a2200181Ia 4500 | ||
|---|---|---|---|
| 001 | CTU_11138 | ||
| 008 | 210402s9999 xx 000 0 und d | ||
| 082 | |a 973.03 | ||
| 082 | |b M875 | ||
| 100 | |a Richard B Morris | ||
| 245 | 0 | |a Encyclopedia of American history | |
| 245 | 0 | |c Richard B Morris | |
| 260 | |a New York | ||
| 260 | |b Harper and Row | ||
| 260 | |c 1965 | ||
| 650 | |a united states - history - chronology | ||
| 904 | |i Minh, 961016 | ||
| 980 | |a Trung tâm Học liệu Trường Đại học Cần Thơ | ||